LEADER 01627nam a2200337 a 4500 001 000000129153 003 CaOOAMICUS 005 20120608143326.0 008 120601s2012 be u000 u eng r 020 $a978-90-429-2624-0 040 $aPUL$bita 100 1 $aUyttenhove, Lieve.$0(OLS)http://pul/name/82719 245 10$aEmbraced by the Father and the Son in the Unity of the Holy Spirit :$ba study of the Trinity and the mystical life in the works of Jan van Ruusbroec /$cLieve Uyttenhove ; preface Rob Faesen. 260 $aLeuven, Paris, Walpole (MA) :$bPeeters,$c2012. 300 $aXVIII, 337 p. ;$c24 cm. 490 1 $aAnnua nuntia Lovaniensia ;$v65 504 $aBibliografia p. [315]-330. 600 14$aRuusbroec, Jan van,$d1293-1381.$0(OLS)http://pul/subject/13751 650 04$aTrinità.$0(OLS)http://pul/subject/2463 650 04$aVita religiosa.$0(OLS)http://pul/subject/3323 700 1 $aFaesen, Rob,$cs.j.$0(OLS)http://pul/name/49949 830 0$aAnnua nuntia Lovaniensia ;$v65.$0(OLS)http://pul/title/9698 850 $aPUL 852 $aPUL$W1$xSL Religione 1$y3$m17 B 65$j149643$qStampati$B148163$CPULBib$Z2$F148163 $82 941 1 $a8 960 $aTeologia trinitaria$92463 960 $aTeologia trinitaria$92463 996 $6020$a978-90-429-2624-0$9(OLS)http://pul/number/149946 996 $6245$aEmbraced by the Father and the Son in the Unity of the Holy Spirit :$ba study of the Trinity and the mystical life in the works of Jan van Ruusbroec$9(OLS)http://pul/title/163308 996 $6260$aLeuven, Paris, Walpole (MA) :$bPeeters$9(OLS)http://pul/publisher/80881 LEADER 00853nam a2200217 u 4500 001 000000081668 003 CaOOAMICUS 005 20070226123759.0 008 050330q1955 it u000 u ita u 035 $a11036231 040 $aPUL(R)$bita 100 1 $aLercaro, Giacomo,$ccard.,$d1891-1976.$0(OLS)http://pul/name/6458 245 10$aA messa, figlioli! /$cGiacomo Lercaro. 260 $aBologna :$bUfficio tecnico organizzativo arcivescovile,$c[1955] 300 $a205 p. ;$c17 cm 650 4$aCatechesi.$0(OLS)http://pul/subject/4492 850 $aPUL 852 $aPUL$W1$xDP1 Fondo Cecchetti$y53$m260 S 36$j104143$nBK-PRI$b $qFondi$B104143$CPULBib$Z2$F104143 $82 941 1 $a1 996 $6245$aA messa, figlioli!$9(OLS)http://pul/title/106776 996 $6260$aBologna :$bUfficio tecnico organizzativo arcivescovile$9(OLS)http://pul/publisher/76077